Catalog

Record Details

Catalog Search



Jak se dělá "Škola pro všechny"  Cover Image Book Book

Jak se dělá "Škola pro všechny" / sestavili členové týmu konzultantů projektu Škola pro všechny ; Pavla Polechová (ed.) ... [et al.]

Record details

  • ISBN: 80-239-4667-6
  • Physical Description: 101 s. ; 21 cm
  • Edition: 1. vyd.
  • Publisher: Kladno : AISIS, c2005

Content descriptions

Bibliography, etc. Note:
Obsahuje bibliografické odkazy
Subject: romské děti > Česko
integrovaná výchova a vzdělávání > Česko
základní školy > Česko
vzdělávací projekty > Česko
Romani children > Czechia
integrated education > Czechia
elementary schools > Czechia
educational projects > Czechia
Genre: případové studie
informační publikace
case studies
information publications

Available copies

  • 5 of 5 copies available at Common Catalog SPOK.

Holds

  • 0 current holds with 5 total copies.
Show Only Available Copies
Location Call Number / Copy Notes Barcode Shelving Location Status Due Date
Montessori Library KNI0273 4614600273 Chodba Available -
Montessori Library KNI274 4614600274 Chodba Available -
Varianty Cho Ja 4605401384 Šafaříkova 17 - 5. patro, chodba Available -
Varianty Cho Ja 4605401391 Šafaříkova 17 - 5. patro, chodba Available -
Varianty Cho Ja 4605401555 Šafaříkova 17 - 5. patro, chodba Available -

LDR 01789cam a2200505 a 4500
00131884
003CZ-PrJAB
00520190524143142.0
007ta
008050420s2005 xr e 000 0 cze
015 . ‡acnb001528275
020 . ‡a80-239-4667-6 ‡q(brož.)
035 . ‡a(CZ PrNK)cpk20051528275
035 . ‡a(OCoLC)85140544
040 . ‡aBOA001 ‡bcze ‡dABA001
043 . ‡ae-xr---
072 7. ‡a376 ‡xVýchova a vzdělávání zvláštních skupin osob ‡2Konspekt ‡922
080 . ‡a37.043.2 ‡2MRF
080 . ‡a373.3 ‡2MRF
080 . ‡a37.014.542 ‡2MRF
080 . ‡a(=214.58)-053.2 ‡2MRF
080 . ‡a(437.3) ‡2MRF
080 . ‡a(078.7) ‡2MRF
080 . ‡a(036) ‡2MRF
24500. ‡aJak se dělá "Škola pro všechny" / ‡csestavili členové týmu konzultantů projektu Škola pro všechny ; Pavla Polechová (ed.) ... [et al.]
24630. ‡aŠkola pro všechny
250 . ‡a1. vyd.
260 . ‡aKladno : ‡bAISIS, ‡cc2005
300 . ‡a101 s. ; ‡c21 cm
504 . ‡aObsahuje bibliografické odkazy
65007. ‡aromské děti ‡7ph125208 ‡zČesko ‡2czenas
65007. ‡aintegrovaná výchova a vzdělávání ‡7ph121132 ‡zČesko ‡2czenas
65007. ‡azákladní školy ‡7ph116795 ‡zČesko ‡2czenas
65007. ‡avzdělávací projekty ‡7ph242428 ‡zČesko ‡2czenas
65009. ‡aRomani children ‡zCzechia ‡2eczenas
65009. ‡aintegrated education ‡zCzechia ‡2eczenas
65009. ‡aelementary schools ‡zCzechia ‡2eczenas
65009. ‡aeducational projects ‡zCzechia ‡2eczenas
655 7. ‡apřípadové studie ‡7fd133208 ‡2czenas
655 7. ‡ainformační publikace ‡7fd132454 ‡2czenas
655 9. ‡acase studies ‡2eczenas
655 9. ‡ainformation publications ‡2eczenas
7001 . ‡aPolechová, Pavla, ‡d1948- ‡7jn20010309716 ‡4edt
910 . ‡aABH006
901 . ‡a31884 ‡b ‡c31884 ‡tbiblio

Additional Resources